00916nam a2200193 a 450000500170000000800410001702000180005805000240007624500740010026000350017430000170020944000380022650000200026452002670028465000110055165000260056299900190058895201150060720140412111312.0010326s19uu xx 00 eng d a0-7835-1312-7 aREF 170bC54Sa v.13 aSaving the old apple tree :ba book about caring for the environment. aAsia :bTime Life Asia,c1997. a29 p. ; ill. aA Child's First Library of Values aw/ casette tape aTo make way for a new railway, much-loved old apple tree in a quite country village is threatened with being cut down. As the adults of the village take up their saws and axes, it is up to the children to remind them of the importance of nature and environment. aValues aEnvironment - Fiction c104029d104029 001040aELbELcREFd2001-03-26eLib. Fundl0oREF 170 C54Sa v.13pE6289r2014-04-12 00:00:00w2014-04-12yBK